Banner

La reforma al régimen de arrendamientos de vivienda urbana : (Record no. 1395)

MARC details
000 -LEADER
campo de control de longitud fija 00961cam a2200289 a 4500
001 - NÚMERO DE CONTROL
campo de control 546673
003 - IDENTIFICADOR DE NÚMERO DE CONTROL
campo de control CoMeUDC
005 - FECHA Y HORA DE LA ÚLTIMA TRANSACCIÓN
campo de control 20210630123734.0
008 - DATOS DE LONGITUD FIJA--INFORMACIÓN GENERAL
campo de control de longitud fija 030916s2003 ck rl 00010 spa d
015 ## - NÚMERO DE BIBLIOGRAFÍA NACIONAL
Número de bibliografía nacional ck-2003-xxxx
035 ## - NÚMERO DE CONTROL DEL SISTEMA
Número de control de sistema AHS0931 LA
040 ## - FUENTE DE CATALOGACIÓN
Centro catalogador/agencia de origen la
Centro/agencia transcriptor CO-UdeCO
041 0# - CÓDIGO DE IDIOMA
Código de lengua del texto/banda sonora o título independiente spa
043 ## - CÓDIGO DE ÁREA GEOGRÁFICA
Código de área geográfica s-ck---
082 04 - NÚMERO DE LA CLASIFICACIÓN DECIMAL DEWEY
Número de clasificación 333.6
Número de ítem V434
100 ## - ENTRADA PRINCIPAL--NOMBRE DE PERSONA
Nombre de persona Velásquez Gómez, Juan Guillermo
9 (RLIN) 1751
245 13 - MENCIÓN DEL TÍTULO
Título La reforma al régimen de arrendamientos de vivienda urbana :
Resto del título ley 820 de 2003, comentarios - antecedentes /
Mención de responsabilidad, etc. Juan Guillermo Velásquez G.
250 ## - MENCION DE EDICION
Mención de edición 1 edición 2003
260 ## - PUBLICACIÓN, DISTRIBUCIÓN, ETC.
Lugar de publicación, distribución, etc. Medellín :
Nombre del editor, distribuidor, etc. Librería Jurídica Sánchez,
Fecha de publicación, distribución, etc. 2003.
300 ## - DESCRIPCIÓN FÍSICA
Extensión 174 p. ;
Dimensiones 24 cm.
630 00 - PUNTO DE ACCESO ADICIONAL DE MATERIA--TÍTULO UNIFORME
Título uniforme Ley 820 de 2003.
650 #0 - PUNTO DE ACCESO ADICIONAL DE MATERIA--TÉRMINO DE MATERIA
Término de materia o nombre geográfico como elemento de entrada Legislación sobre arrendamiento
Subdivisión geográfica Colombia.
9 (RLIN) 1752
650 #6 - PUNTO DE ACCESO ADICIONAL DE MATERIA--TÉRMINO DE MATERIA
Término de materia o nombre geográfico como elemento de entrada Contratos de arrendamiento
Subdivisión general Legislación
Subdivisión geográfica Colombia.
740 02 - ENTRADA AGREGADA--TÍTULO RELACIONADO/ANALÍTICO NO CONTROLADO
Título relacionado o analítico no controlado Ley 820 sobre arrendamiento de vivienda urbana.
942 ## - ELEMENTOS DE ENTRADA SECUNDARIOS (KOHA)
Fuente del sistema de clasificación o colocación Clasificación Decimal Dewey
Tipo de ítem Koha Libros
949 ## - PROCESAMIENTO DE INFORMACIÓN LOCAL (OCLC)
a c
b c
Holdings
Estatus retirado Estado de pérdida Fuente del sistema de clasificación o colocación Estado de daño No para préstamo Colección Biblioteca de origen Biblioteca actual Fecha de adquisición Fuente de adquisición Coste, precio normal de compra Signatura topográfica completa Código de barras Visto por última vez Copia número Precio de reemplazo Tipo de ítem Koha
    Clasificación Decimal Dewey     Colección general U DE COLOMBIA - Biblioteca U DE COLOMBIA - Biblioteca 30/06/2021 Donación 30000.00 333.6 V434 100224 30/06/2021 1 30/06/2021 Libros


Biblioteca Académica Corporación Universitaria U DE COLOMBIA | Teléfono: +(57) (4) 2398080 ext. 1112 | E-mail: biblioteca@udecolombia.edu.co | Dirección: Calle 56 Nº 41 – 147 (Bolivia con Girardot)
Horario de atención: lunes a viernes 8:00 a.m. a 8:00 p.m. - sábados 8:00 a.m. a 4:00 p.m.
Implementado por Grupo EGS.

Powered by Koha